000 00900nam a2200241 i 4500
001 28901
003 ES-MaACL
005 20230909063101.0
007 t|
008 030120s1896 sp ||||1| spa d
100 1 _aBalaguer, Víctor,
_d1824-1901
_924806
245 1 0 _aInstituciones y reyes de Aragón ;
_bSan Juan de la Peña /
_cVíctor Balaguer.
246 3 _aSan Juan de la Peña
260 _aMadrid :
_b[s.n.],
_c1896 (
_fEl Progeso Editorial)
300 _a307 p. ;
_c19 cm.
530 _aDisponible en formato digital.
610 2 4 _aMonasterio de San Juan de la Peña-
_xHistoria.
_95746
651 4 _aAragón (Reino)-
_xHistoria.
_97791
651 4 _aAragón (Reino)-
_xReyes y soberanos.
_97794
852 _aES-MaACL
_jG-14632
856 _uhttp://bibliotecadigital.jcyl.es/es/consulta/registro.do?id=23973
_zBiblioteca Digital de Castilla y León
999 _c28901
_d28901